[Event "11e Open International de La Fere"]
[Site "La Fere (FRA)"]
[Date "2012.07.13"]
[Round "8.6"]
[White "Sobry, Sebastien"]
[Black "Feryn, Alexandre"]
[Result "1/2-1/2"]
[WhiteElo "2039"]
[BlackElo "2114"]
[PlyCount "128"]
[EventDate "2012.??.??"]

1. e4 c5 2. Nf3 e6 3. d4 cxd4 4. Nxd4 a6 5. Bd3 Bc5 6. Nb3 Be7 7. c4 d6 8. O-O
Nf6 9. Qe2 Qc7 10. Nc3 Nbd7 11. f4 b6 12. Bd2 Bb7 13. Rae1 Nc5 14. Nxc5 Qxc5+
15. Be3 Qc7 16. h3 Nd7 17. Qf2 Nc5 18. Bb1 Bf6 19. Bd4 Nd7 20. e5 Be7 21. b3
O-O-O 22. Kh1 g5 23. exd6 Bxd6 24. Bxh8 Rxh8 25. Qd4 Rg8 26. Be4 gxf4 27. Rd1
Be5 28. Bxb7+ Qxb7 29. Qe4 Nf6 30. Qxb7+ Kxb7 31. Ne2 Ne4 32. Rd7+ Kc6 33. Rxf7
Ng5 34. R7xf4 Bxf4 35. Rxf4 e5 36. Rf5 Kd6 37. Nc3 Ke6 38. Rf2 Rd8 39. Nd5 Ne4
40. Rf3 b5 41. Nc7+ Kd6 42. Nxa6 bxc4 43. bxc4 Ra8 44. Rd3+ Kc6 45. Re3 Rxa6
46. Rxe4 Kd6 47. Re2 Ra4 48. Rc2 Kc5 49. Kg1 Kd4 50. Kf2 Kd3 51. Re2 e4 52.
Re3+ Kd4 53. Re2 Kd3 54. c5 Rc4 55. Re3+ Kd4 56. Re1 Rc2+ 57. Re2 Rxc5 58. Rd2+
Ke5 59. Rb2 Kf4 60. g3+ Ke5 61. Rb3 Kd4 62. Rb4+ Kd3 63. Rb3+ Kd2 64. Rb2+ Kd3
1/2-1/2

[Event "11e Open International de La Fere"]
[Site "La Fere (FRA)"]
[Date "2012.07.13"]
[Round "8.7"]
[White "Feryn, Benjamin"]
[Black "Le Kouaghet, Euen"]
[Result "1-0"]
[WhiteElo "2112"]
[BlackElo "1920"]
[PlyCount "65"]
[EventDate "2012.??.??"]

1. e4 c6 2. d4 d5 3. e5 Bf5 4. Nf3 e6 5. Be2 Nd7 6. O-O h6 7. c4 dxc4 8. Bxc4
Ne7 9. Nc3 a6 10. Nh4 Bh7 11. Qh5 Nd5 12. Bxd5 cxd5 13. f4 g6 14. Qg4 Be7 15.
Nf3 Qb6 16. b3 Qa5 17. Bd2 Bh4 18. Rfc1 O-O 19. a3 Be7 20. b4 Qd8 21. Qh3 Kg7
22. f5 g5 23. fxe6 fxe6 24. Qxe6 Nb6 25. Qh3 Bf5 26. Qg3 Kh7 27. Rf1 Nc4 28. h3
Bxh3 29. Qxh3 Rxf3 30. Qxf3 Nxd2 31. Qd3+ Ne4 32. Nxe4 dxe4 33. Qxe4+ 1-0

[Event "11e Open International de La Fere"]
[Site "La Fere (FRA)"]
[Date "2012.07.13"]
[Round "8.8"]
[White "Barbaut, Michel"]
[Black "Dumas, Victor"]
[Result "1-0"]
[WhiteElo "2032"]
[BlackElo "2064"]
[PlyCount "33"]
[EventDate "2012.??.??"]

1. e4 e5 2. Bc4 Nf6 3. d4 exd4 4. Nf3 Nc6 5. O-O Nxe4 6. Re1 d5 7. Bxd5 Qxd5 8.
Nc3 Qh5 9. Nxe4 Be6 10. Bg5 Bb4 11. c3 dxc3 12. bxc3 Ba5 13. Nd6+ cxd6 14. Qxd6
Bd8 15. Rab1 Bxg5 16. Rxb7 Nd8 17. Rxe6+ 1-0

[Event "11e Open International de La Fere"]
[Site "La Fere (FRA)"]
[Date "2012.07.13"]
[Round "8.10"]
[White "Bardoux, Thierry"]
[Black "Vekemans, Sylvain"]
[Result "1-0"]
[WhiteElo "2157"]
[BlackElo "1779"]
[PlyCount "57"]
[EventDate "2012.??.??"]

1. d4 Nf6 2. Nf3 d5 3. e3 Bg4 4. c4 e6 5. Nbd2 c5 6. Qb3 Qc7 7. Ne5 Bd6 8. Nxg4
Nxg4 9. cxd5 exd5 10. Bb5+ Nc6 11. dxc5 Bxh2 12. Qxd5 O-O 13. Bxc6 bxc6 14. Qf5
Nf6 15. Nf3 Bg3 16. Rh3 Bxf2+ 17. Kxf2 Rfe8 18. Bd2 Rad8 19. Bc3 Ne4+ 20. Kg1
g6 21. Qf4 Qe7 22. Bd4 Rd5 23. Qh4 f6 24. g4 Nxc5 25. Qxf6 Qxf6 26. Bxf6 Rxe3
27. Re1 Rxe1+ 28. Nxe1 Rd1 29. Re3 1-0

[Event "11e Open International de La Fere"]
[Site "La Fere (FRA)"]
[Date "2012.07.13"]
[Round "8.12"]
[White "Obert, Julien"]
[Black "Thomas, Olivier"]
[Result "1-0"]
[WhiteElo "1810"]
[BlackElo "1998"]
[PlyCount "53"]
[EventDate "2012.??.??"]

1. e4 c5 2. Nf3 e6 3. d4 cxd4 4. Nxd4 Nf6 5. Nc3 Nc6 6. Nxc6 bxc6 7. Bd3 e5 8.
Qe2 Rb8 9. O-O Bb4 10. Nd1 O-O 11. c3 Ba5 12. Bg5 h6 13. Bh4 Bc7 14. Ne3 g5 15.
Bg3 d5 16. exd5 cxd5 17. Rad1 e4 18. Bxc7 Qxc7 19. Bb1 Be6 20. Rd4 Qb7 21. Rb4
Qc6 22. Rxb8 Rxb8 23. Rd1 Kg7 24. f3 exf3 25. Qxf3 Rxb2 26. Rf1 Qxc3 27. Nf5+
1-0

[Event "11e Open International de La Fere"]
[Site "La Fere (FRA)"]
[Date "2012.07.13"]
[Round "8.13"]
[White "Lalot, Hugues"]
[Black "Derigny, Philippe"]
[Result "0-1"]
[WhiteElo "1612"]
[BlackElo "1977"]
[PlyCount "96"]
[EventDate "2012.??.??"]

1. d4 Nf6 2. Bg5 d6 3. Nc3 Nbd7 4. e4 c6 5. Bd3 Qa5 6. Bd2 Qc7 7. Nge2 g6 8.
O-O Bg7 9. Qc1 a6 10. a4 c5 11. b3 cxd4 12. Nd5 Nxd5 13. exd5 Qc5 14. c4 dxc3
15. Bxc3 Bxc3 16. Qxc3 Qxc3 17. Nxc3 Ne5 18. Bc4 Nxc4 19. bxc4 e5 20. Ne4 Ke7
21. f4 f5 22. Ng3 e4 23. Kf2 Bd7 24. Rfc1 Rhc8 25. Ke3 Rc5 26. a5 Rac8 27. Kd4
Bb5 28. Rab1 Rxc4+ 29. Rxc4 Rxc4+ 30. Ke3 Rc3+ 31. Kd2 Rd3+ 32. Ke1 Rxd5 33.
Ne2 Bc6 34. Ra1 Rd3 35. Nc1 Rc3 36. Kd2 Rc4 37. Ke3 Ke6 38. Ne2 d5 39. Nd4+ Kd6
40. Ra3 Kc5 41. Nxc6 bxc6 42. Rb3 d4+ 43. Kd2 e3+ 44. Kd3 Rc3+ 45. Rxc3+ dxc3
46. Kxe3 Kc4 47. Ke2 Kb3 48. Kd1 Kb2 0-1

[Event "11e Open International de La Fere"]
[Site "La Fere (FRA)"]
[Date "2012.07.13"]
[Round "8.14"]
[White "Husson, Cybele"]
[Black "Casier, Fabrice"]
[Result "1/2-1/2"]
[WhiteElo "1937"]
[BlackElo "1769"]
[PlyCount "62"]
[EventDate "2012.??.??"]

1. e4 d5 2. exd5 Qxd5 3. Nc3 Qa5 4. d4 c6 5. Nf3 Nf6 6. Bc4 Bg4 7. Bd2 e6 8.
Ne2 Qc7 9. Ne5 Nbd7 10. Nxg4 Nxg4 11. Nf4 Ngf6 12. Qe2 O-O-O 13. O-O-O Nd5 14.
Nd3 Bd6 15. Bb3 Nf4 16. Nxf4 Bxf4 17. Qg4 Bxd2+ 18. Rxd2 g6 19. h4 h5 20. Qf3
Nb6 21. Rhd1 Rd7 22. g3 Rhd8 23. c4 Kb8 24. Qc3 Nc8 25. Ba4 Nb6 26. Bc2 Nc8 27.
b4 b5 28. Kb2 Nd6 29. cxb5 cxb5 30. Qxc7+ Rxc7 31. Bd3 Nc4+ 1/2-1/2

[Event "11e Open International de La Fere"]
[Site "La Fere (FRA)"]
[Date "2012.07.13"]
[Round "8.15"]
[White "Picart, Alban"]
[Black "Pruvost, Alain"]
[Result "1/2-1/2"]
[WhiteElo "1820"]
[BlackElo "1604"]
[PlyCount "92"]
[EventDate "2012.??.??"]

1. e4 c5 2. Bc4 e6 3. c3 a6 4. Bb3 b5 5. d3 Bb7 6. Nf3 c4 7. dxc4 Bxe4 8. cxb5
axb5 9. Qe2 Bc6 10. O-O Nf6 11. Nd4 Qb6 12. Nd2 Be7 13. N2f3 Bxf3 14. Qxf3 d5
15. Re1 O-O 16. Qd3 Bc5 17. Be3 b4 18. Nc2 bxc3 19. Qxc3 Nbd7 20. a3 Rfc8 21.
Bxc5 Qxc5 22. Qd3 Ne4 23. Ne3 Ne5 24. Qe2 d4 25. Ng4 Nxg4 26. Qxg4 Nf6 27. Qe2
Qb6 28. Bc4 Rd8 29. b4 Nd5 30. Bxd5 Rxd5 31. Qc4 d3 32. Red1 Qd4 33. Qxd4 Rxd4
34. f3 e5 35. Kf2 f5 36. Ke3 f4+ 37. Kd2 Kf7 38. Rdc1 Kf6 39. Rc3 Rxb4 40. Kxd3
Rd4+ 41. Ke2 Rb8 42. Ra2 Rb1 43. a4 Rg1 44. Kf2 Rdd1 45. Rcc2 Rgf1+ 46. Ke2
Rfe1+ 1/2-1/2

[Event "11e Open International de La Fere"]
[Site "La Fere (FRA)"]
[Date "2012.07.13"]
[Round "8.16"]
[White "Paris, Pierre-Julien"]
[Black "Cazacu, Gabriela"]
[Result "0-1"]
[WhiteElo "1592"]
[BlackElo "1814"]
[PlyCount "98"]
[EventDate "2012.??.??"]

1. e4 c5 2. Nc3 Nc6 3. g3 g6 4. Bg2 Bg7 5. Nge2 e5 6. d3 Nge7 7. O-O O-O 8. f4
exf4 9. Bxf4 d6 10. Qd2 Nd4 11. Nd1 Be6 12. Nxd4 Bxd4+ 13. Kh1 Qd7 14. c3 Bg7
15. Nf2 f5 16. Rfe1 Rae8 17. a3 b6 18. Re2 d5 19. exf5 Nxf5 20. Rae1 Bf7 21.
Rxe8 Rxe8 22. Rxe8+ Qxe8 23. Ng4 d4 24. h4 h5 25. Nh6+ Bxh6 26. Bxh6 Nxg3+ 27.
Kh2 Nf5 28. Bg5 Qe5+ 29. Bf4 Qe8 30. Bg5 dxc3 31. bxc3 Qa4 32. Be4 Qxa3 33.
Bxf5 gxf5 34. Bf6 Qa2 35. Qxa2 Bxa2 36. Kg3 Kf7 37. Be5 b5 38. d4 cxd4 39. Bxd4
a5 40. Bb6 b4 41. cxb4 axb4 42. Kf4 Kg6 43. Bd4 Bb1 44. Bb2 Bc2 45. Be5 Bd1 46.
Ba1 Bg4 47. Be5 Kf7 48. Ke3 Ke6 49. Kd4 b3 0-1

[Event "11e Open International de La Fere"]
[Site "La Fere (FRA)"]
[Date "2012.07.13"]
[Round "8.17"]
[White "Vekemans, Denis"]
[Black "Rodrigues, Michel"]
[Result "1-0"]
[WhiteElo "1980"]
[BlackElo "1697"]
[PlyCount "59"]
[EventDate "2012.??.??"]

1. e4 e5 2. Nf3 Nc6 3. d4 exd4 4. c3 dxc3 5. Nxc3 d6 6. Bc4 h6 7. O-O Be7 8.
Qb3 Na5 9. Bxf7+ Kf8 10. Qd5 c6 11. Qh5 Nf6 12. Qg6 Nc4 13. Bxc4 Qe8 14. Qxe8+
Kxe8 15. e5 Nd7 16. exd6 Bxd6 17. Re1+ Kd8 18. Ne4 Bb4 19. Bd2 Bxd2 20. Nfxd2
Kc7 21. Nf3 Nb6 22. Bb3 Bf5 23. Nc5 Rae8 24. Rxe8 Rxe8 25. Re1 Rxe1+ 26. Nxe1
a5 27. Nf3 Nc8 28. Nd4 Bh7 29. Nde6+ Kd6 30. Nxb7+ 1-0

[Event "11e Open International de La Fere"]
[Site "La Fere (FRA)"]
[Date "2012.07.13"]
[Round "8.18"]
[White "Mestdagh, Franck"]
[Black "Rouffignac, Marie"]
[Result "1/2-1/2"]
[WhiteElo "1975"]
[BlackElo "1689"]
[PlyCount "109"]
[EventDate "2012.??.??"]

1. e4 e5 2. Nf3 Nc6 3. Bc4 Bc5 4. b4 Bxb4 5. c3 Be7 6. d4 Na5 7. Be2 exd4 8.
Qxd4 d6 9. O-O Nc6 10. Qxg7 Bf6 11. Qg3 Nge7 12. Bg5 Ng6 13. Nbd2 Bd7 14. Rab1
Rb8 15. Nb3 Nge5 16. Bxf6 Qxf6 17. Nh4 Ke7 18. f4 Ng6 19. Nf5+ Bxf5 20. exf5
Qxf5 21. Bd3 Qf6 22. Rbe1+ Kd8 23. Re3 Re8 24. Rfe1 Rxe3 25. Qxe3 Qe7 26. Qd2
Qf6 27. Nd4 Nxd4 28. cxd4 Qxd4+ 29. Kh1 Qf6 30. Qe3 Qe7 31. Qg3 Qf6 32. Qe3 c6
33. Qxa7 Kc7 34. Bxg6 hxg6 35. a4 Qxf4 36. Re7+ Kd8 37. Qxb8+ Kxe7 38. Qxb7+
Ke6 39. Qb3+ d5 40. Qd1 Kd6 41. h3 Qb4 42. Qa1 d4 43. a5 Qc3 44. Qf1 Qxa5 45.
Qf6+ Kc5 46. Qe5+ Kb6 47. Qxd4+ Qc5 48. Qd8+ Kb5 49. Qb8+ Ka6 50. Qa8+ Qa7 51.
Qxc6+ Ka5 52. Qc3+ Kb5 53. Qb3+ Kc6 54. Qc4+ Kd6 55. Qf4+ 1/2-1/2

[Event "11e Open International de La Fere"]
[Site "La Fere (FRA)"]
[Date "2012.07.13"]
[Round "8.19"]
[White "Koechler, Thomas"]
[Black "Roux, Jean-Francois"]
[Result "0-1"]
[WhiteElo "1960"]
[BlackElo "1656"]
[PlyCount "31"]
[EventDate "2012.??.??"]

1. e4 c5 2. Nf3 d6 3. Bc4 g6 4. d4 cxd4 5. Nxd4 Nf6 6. Nc3 Bg7 7. Be3 O-O 8. f3
Bd7 9. Qd2 Nc6 10. Nde2 Qa5 11. g4 Ne5 12. Bxf7+ Rxf7 13. Nd4 Nc4 14. Qc1 Nxe3
15. Qxe3 Qb6 16. O-O-O 0-1

[Event "11e Open International de La Fere"]
[Site "La Fere (FRA)"]
[Date "2012.07.13"]
[Round "8.20"]
[White "Urbaniak, Patrick"]
[Black "Lebret, Loriane"]
[Result "1-0"]
[WhiteElo "1918"]
[BlackElo "1655"]
[PlyCount "65"]
[EventDate "2012.??.??"]

1. c4 c5 2. Nc3 b6 3. Nf3 Bb7 4. e4 d6 5. g3 Nf6 6. d3 g6 7. Bg2 Bg7 8. O-O O-O
9. a3 Nbd7 10. h3 a6 11. Be3 e6 12. Qd2 Qc7 13. b4 Rfd8 14. b5 a5 15. Rac1 d5
16. cxd5 exd5 17. Bf4 Qc8 18. e5 d4 19. Ne2 Nd5 20. Nexd4 Nxf4 21. gxf4 Bh6 22.
Ne2 Bxf3 23. Bxf3 Nxe5 24. Be4 Qxh3 25. Qe3 Qg4+ 26. Kh2 f5 27. Bg2 Rxd3 28.
Qxe5 Rad8 29. Rfe1 Rxa3 30. Qe6+ Kf8 31. Qf6+ Ke8 32. Ng3+ Kd7 33. Qc6# 1-0

[Event "11e Open International de La Fere"]
[Site "La Fere (FRA)"]
[Date "2012.07.13"]
[Round "8.22"]
[White "Alloui-Cros, Baptiste"]
[Black "Brobecker, Alain"]
[Result "0-1"]
[WhiteElo "1695"]
[BlackElo "1793"]
[PlyCount "102"]
[EventDate "2012.??.??"]

1. d4 Nf6 2. Nc3 d5 3. e4 Nxe4 4. Nxe4 dxe4 5. Bc4 Bf5 6. f3 e6 7. Be3 Bd6 8.
Qd2 Nd7 9. O-O-O Nb6 10. Bb3 c6 11. g4 Bg6 12. h4 exf3 13. Nxf3 a5 14. a3 a4
15. Ba2 Nd5 16. Rhf1 h5 17. gxh5 Rxh5 18. Bg5 Qa5 19. Ne5 Qxd2+ 20. Rxd2 Bf5
21. c4 Ne7 22. c5 Bc7 23. Nf3 Nd5 24. Bxd5 cxd5 25. Rh1 f6 26. Be3 g5 27. Rg1
g4 28. Bf2 Bf4 29. Ne1 Kf7 30. Ng2 Bxd2+ 31. Kxd2 e5 32. Ne3 Be6 33. dxe5 fxe5
34. Kd3 Rg8 35. Bg3 Bf5+ 36. Kd2 Ke6 37. Rc1 Be4 38. c6 d4 39. Nxg4 Bxc6 40.
Nxe5 Rxe5 41. Bxe5 Kxe5 42. Re1+ Be4 43. h5 Rg2+ 44. Kc1 Rc2+ 45. Kd1 Rxb2 46.
h6 Rb1+ 47. Kd2 Rxe1 48. Kxe1 d3 49. Kd2 Kd4 50. Kd1 Kc3 51. Kc1 Kb3 0-1

[Event "11e Open International de La Fere"]
[Site "La Fere (FRA)"]
[Date "2012.07.13"]
[Round "8.23"]
[White "Menjour, Mohamed"]
[Black "Fauchart, Francois"]
[Result "1/2-1/2"]
[WhiteElo "1770"]
[BlackElo "1639"]
[PlyCount "65"]
[EventDate "2012.??.??"]

1. d4 d5 2. Nf3 Nf6 3. Bf4 e6 4. c4 c6 5. e3 Bb4+ 6. Nbd2 Ne4 7. a3 Bd6 8. Bxd6
Nxd6 9. Qc2 Nd7 10. Bd3 dxc4 11. Nxc4 Nxc4 12. Qxc4 O-O 13. O-O Nf6 14. Rad1
Qd5 15. Qc2 g6 16. Ne5 Qd8 17. Qe2 Kg7 18. f4 a5 19. Bb1 Qc7 20. Rf3 b6 21. Rc1
Bb7 22. Rg3 a4 23. h4 c5 24. h5 Ba6 25. Qc2 Nxh5 26. Rh3 f5 27. Ba2 Bb7 28.
Bxe6 Be4 29. Qc4 Nf6 30. dxc5 Rfd8 31. c6 Ra5 32. Qe2 Rd6 33. Ba2 1/2-1/2

[Event "11e Open International de La Fere"]
[Site "La Fere (FRA)"]
[Date "2012.07.13"]
[Round "8.24"]
[White "Chevance, Gerard"]
[Black "Paillard, Maximilien"]
[Result "1/2-1/2"]
[WhiteElo "1684"]
[BlackElo "1741"]
[PlyCount "55"]
[EventDate "2012.??.??"]

1. d4 Nf6 2. Nf3 g6 3. g3 Bg7 4. Bg2 d6 5. Nbd2 O-O 6. e4 Nbd7 7. O-O e5 8. c3
Re8 9. Re1 Nf8 10. d5 Ng4 11. Nf1 c6 12. h3 Nh6 13. Bg5 f6 14. Be3 Qc7 15. Qd2
Nf7 16. c4 f5 17. Ng5 Nxg5 18. Bxg5 fxe4 19. Rxe4 Bf5 20. Ree1 cxd5 21. cxd5
Rac8 22. Rac1 Qf7 23. g4 Bd7 24. Ng3 Bf6 25. Bxf6 Qxf6 26. Ne4 Qe7 27. Qb4 Red8
28. Qxd6 1/2-1/2

[Event "11e Open International de La Fere"]
[Site "La Fere (FRA)"]
[Date "2012.07.13"]
[Round "8.25"]
[White "Teodorczyk, Ludovic"]
[Black "Van Poucke, Anthony"]
[Result "0-1"]
[WhiteElo "1731"]
[BlackElo "1611"]
[PlyCount "42"]
[EventDate "2012.??.??"]

1. c4 Nf6 2. Nc3 g6 3. g3 Bg7 4. Bg2 c6 5. e4 e5 6. Nge2 d6 7. O-O O-O 8. d3
Be6 9. b4 d5 10. cxd5 cxd5 11. Ba3 d4 12. Na4 b6 13. f4 Ng4 14. Bc1 Qd7 15.
fxe5 Nxe5 16. Nb2 Nbc6 17. a3 Bg4 18. Qe1 a5 19. b5 Ne7 20. a4 Rac8 21. Bf4 Rc2
0-1

[Event "11e Open International de La Fere"]
[Site "La Fere (FRA)"]
[Date "2012.07.13"]
[Round "8.26"]
[White "Gomes, Alexis"]
[Black "Soriano, Jean-Claude"]
[Result "1-0"]
[WhiteElo "1607"]
[BlackElo "1730"]
[PlyCount "55"]
[EventDate "2012.??.??"]

1. d4 d5 2. Nf3 c6 3. e3 Nf6 4. c4 Nbd7 5. Nc3 e6 6. Bd3 dxc4 7. Bxc4 b5 8. Bb3
a6 9. O-O Bb7 10. e4 Bb4 11. e5 Nd5 12. Nxd5 cxd5 13. Bg5 Be7 14. Qd2 O-O 15.
Bc2 f6 16. Qd3 f5 17. Qe3 Bxg5 18. Nxg5 Qe7 19. f4 h6 20. Nf3 Rf7 21. Kh1 Nf8
22. Rg1 Re8 23. g4 Kh8 24. gxf5 exf5 25. Rg2 Ne6 26. Rag1 Rg8 27. Rg6 Bc6 28.
Ng5 1-0

[Event "11e Open International de La Fere"]
[Site "La Fere (FRA)"]
[Date "2012.07.13"]
[Round "8.27"]
[White "Biniaux, Michael"]
[Black "Delias, Alexis"]
[Result "1-0"]
[WhiteElo "1724"]
[BlackElo "1499"]
[PlyCount "72"]
[EventDate "2012.??.??"]

1. d4 e6 2. e3 Nf6 3. Bd3 d5 4. Nd2 g6 5. Ngf3 Bg7 6. Ne5 Nbd7 7. f4 c5 8. c3
O-O 9. O-O Rb8 10. Qf3 Qc7 11. g4 c4 12. Bc2 b5 13. g5 Nh5 14. Qh3 f5 15. gxf6
Ndxf6 16. Kh1 Bd7 17. Rg1 Be8 18. Qxe6+ Bf7 19. Nxf7 Qxf7 20. Qxf7+ Rxf7 21. b3
Re7 22. Nf1 Bf8 23. Ba3 Re6 24. f5 Bxa3 25. fxe6 Re8 26. Rb1 Rxe6 27. bxc4 bxc4
28. Rb8+ Kf7 29. h3 Ne4 30. Bxe4 Rxe4 31. Rg4 Rxg4 32. hxg4 Nf6 33. Rb7+ Ke6
34. Rxa7 Bb2 35. a4 Nxg4 36. a5 Kd6 1-0

[Event "11e Open International de La Fere"]
[Site "La Fere (FRA)"]
[Date "2012.07.13"]
[Round "8.28"]
[White "Voiculescu-Holvad, Stefan"]
[Black "Tawegoum, Ivan"]
[Result "1/2-1/2"]
[WhiteElo "1390"]
[BlackElo "1721"]
[PlyCount "107"]
[EventDate "2012.??.??"]

1. d4 e6 2. c4 Nf6 3. Nf3 b6 4. g3 Bb7 5. Bg2 d6 6. O-O c5 7. dxc5 bxc5 8. Nc3
Be7 9. b3 O-O 10. Bb2 a6 11. Rc1 Qa5 12. Qc2 Nc6 13. Rfd1 Rab8 14. Nd2 Rfd8 15.
Nde4 Nb4 16. Nxf6+ Bxf6 17. Qb1 Bxg2 18. Kxg2 Bxc3 19. Bxc3 Qxa2 20. Bxb4 Qxb1
21. Rxb1 Rxb4 22. Rd3 Kf8 23. Ra1 Rb6 24. Kf3 Ke7 25. e4 Kf6 26. Kf4 h5 27. h3
g5+ 28. Ke3 Ke7 29. Kd2 Rf8 30. Kc2 f5 31. exf5 Rxf5 32. Rd2 Re5 33. Kc3 d5 34.
cxd5 exd5 35. Ra5 Kd6 36. Raa2 d4+ 37. Kc2 Kc6 38. b4 cxb4 39. Kb3 Kd5 40. Ra5+
Ke6 41. Ra4 a5 42. Rxd4 Rd5 43. Rxd5 Kxd5 44. Rxa5+ Ke4 45. Rxg5 h4 46. Rg4+
Kf3 47. Rf4+ Kg2 48. gxh4 Kxh3 49. h5 Rh6 50. Kxb4 Rxh5 51. Kc4 Kg2 52. Kd4 Rh8
53. Ke3 Re8+ 54. Re4 1/2-1/2

[Event "11e Open International de La Fere"]
[Site "La Fere (FRA)"]
[Date "2012.07.13"]
[Round "8.29"]
[White "Soveaux, Jean"]
[Black "Delias, Gerard"]
[Result "1-0"]
[WhiteElo "1834"]
[BlackElo "1610"]
[PlyCount "48"]
[EventDate "2012.??.??"]

1. d4 Nf6 2. c4 e6 3. g3 d5 4. Nf3 c6 5. Bg2 Bd6 6. O-O Nbd7 7. Qc2 O-O 8. Nbd2
e5 9. cxd5 cxd5 10. dxe5 Nxe5 11. Rd1 Be6 12. Nxe5 Rc8 13. Qd3 Bxe5 14. Nf3 Bd6
15. b3 Qb6 16. Bb2 Ne4 17. e3 Rfd8 18. Rac1 Nc5 19. Qd4 Bf8 20. Ng5 Qa6 21. b4
Na4 22. Ba1 Nb6 23. Bf1 Qxa2 24. Qd3 Qa4 1-0

[Event "11e Open International de La Fere"]
[Site "La Fere (FRA)"]
[Date "2012.07.13"]
[Round "8.30"]
[White "Huyet, Yannick"]
[Black "Vandervorst, Marc"]
[Result "0-1"]
[WhiteElo "1569"]
[BlackElo "1833"]
[PlyCount "104"]
[EventDate "2012.??.??"]

1. Nf3 Nc6 2. d4 e6 3. Bf4 Nf6 4. e3 Nh5 5. Bg3 Nxg3 6. hxg3 g6 7. c4 Bg7 8.
Nc3 d6 9. d5 Ne7 10. Qd2 exd5 11. O-O-O dxc4 12. Bxc4 Nc6 13. Ne4 h6 14. Rde1
Qe7 15. Nc3 Be6 16. Nd5 Bxd5 17. Bxd5 O-O 18. Rh4 Qd7 19. e4 Qe7 20. Rxh6 Ne5
21. Rh3 Nxf3 22. gxf3 Qe5 23. Rd1 c5 24. f4 Qd4 25. g4 Qxd2+ 26. Rxd2 Bd4 27.
f5 gxf5 28. gxf5 Kg7 29. Rb3 Rab8 30. f4 Rh8 31. Rg2+ Kf6 32. Rbg3 b5 33. Rg7
Rbf8 34. Kc2 Rh1 35. R7g3 Rf1 36. Rd3 Rxf4 37. b4 Ke5 38. bxc5 dxc5 39. Rg7 c4
40. Rd2 Rf3 41. Rgg2 a5 42. Rd1 c3 43. Rb1 b4 44. Rb3 f6 45. Rb1 Rh8 46. a3 Rb8
47. axb4 axb4 48. Re2 Rb6 49. Rb3 Rf1 50. Kd3 Bc5 51. Kc4 Bd6 52. Rc2 Rd1 0-1

[Event "11e Open International de La Fere"]
[Site "La Fere (FRA)"]
[Date "2012.07.13"]
[Round "8.31"]
[White "De Brouwere, Johan"]
[Black "Ternisien, Clement"]
[Result "0-1"]
[WhiteElo "1786"]
[BlackElo "1580"]
[PlyCount "66"]
[EventDate "2012.??.??"]

1. d4 d5 2. Nf3 Nf6 3. Bf4 e6 4. e3 c5 5. c3 Nc6 6. Nbd2 Be7 7. h3 Qb6 8. Bd3
Qxb2 9. O-O Qxc3 10. Bb5 Qa5 11. Qe2 c4 12. a4 Bd7 13. Rfb1 O-O 14. Ne5 Qd8 15.
Ndf3 Ne4 16. Rc1 Nxe5 17. Nxe5 Bxb5 18. axb5 Bd6 19. f3 Bxe5 20. Bxe5 Nf6 21.
Ra4 a5 22. Qe1 b6 23. Qg3 Rc8 24. h4 Kh8 25. Qg5 h6 26. Qf4 Ng8 27. Qg4 f6 28.
Bf4 Qe8 29. h5 Qxb5 30. Raa1 Qc6 31. Qh3 Rf7 32. g4 a4 33. g5 hxg5 0-1

[Event "11e Open International de La Fere"]
[Site "La Fere (FRA)"]
[Date "2012.07.13"]
[Round "8.33"]
[White "Godart, Michel"]
[Black "Torck, Antoine"]
[Result "1-0"]
[WhiteElo "1729"]
[BlackElo "1380"]
[PlyCount "51"]
[EventDate "2012.??.??"]

1. c4 e5 2. Nc3 Nf6 3. g3 c6 4. Bg2 d5 5. cxd5 cxd5 6. d4 e4 7. Bf4 Qb6 8. Qd2
Nc6 9. e3 Nb4 10. Bf1 Nd3+ 11. Bxd3 exd3 12. Qxd3 Qxb2 13. Rb1 Qa3 14. Rb3 Qa5
15. Qb5+ Qxb5 16. Nxb5 Kd7 17. Nf3 a6 18. Ne5+ Ke7 19. Nc7 Ra7 20. O-O Be6 21.
Rc1 g6 22. Nxe6 fxe6 23. Rc7+ Ke8 24. Rc8+ Ke7 25. Rbc3 Ne4 26. R3c7+ 1-0

[Event "11e Open International de La Fere"]
[Site "La Fere (FRA)"]
[Date "2012.07.13"]
[Round "8.34"]
[White "Bohr, Frederic"]
[Black "Nicolas, Christian"]
[Result "0-1"]
[WhiteElo "1370"]
[BlackElo "1716"]
[PlyCount "82"]
[EventDate "2012.??.??"]

1. e4 d6 2. d4 Nf6 3. Nc3 g6 4. Nf3 Bg7 5. Be2 O-O 6. O-O Nbd7 7. Bg5 h6 8.
Bxf6 Nxf6 9. h3 Nh5 10. Qd2 e5 11. d5 Nf4 12. Rfe1 h5 13. Kh2 Bh6 14. Qd1 h4
15. Ng1 Qd7 16. Bg4 f5 17. exf5 gxf5 18. Bh5 Qg7 19. g3 hxg3+ 20. fxg3 Nxh5 21.
Qxh5 f4 22. Rf1 fxg3+ 23. Kg2 Bf4 24. Nce2 Rf5 25. Qe8+ Kh7 26. Nxf4 exf4 27.
Qe4 Qe5 28. Rae1 Kh6 29. Nf3 Qxd5 30. b3 Bd7 31. c4 Qa5 32. Ra1 Re8 33. Qd3 Bc6
34. Kg1 Re3 35. Qd4 Bxf3 36. Qh8+ Kg5 37. h4+ Kg4 38. Qg8+ Kh3 39. Qc8 Qd2 40.
Qxf5+ Bg4 41. Qd5 Qh2# 0-1

[Event "11e Open International de La Fere"]
[Site "La Fere (FRA)"]
[Date "2012.07.13"]
[Round "8.35"]
[White "Van Poucke, Philippe"]
[Black "Alloui-Cros, Alix"]
[Result "1-0"]
[WhiteElo "1700"]
[BlackElo "1540"]
[PlyCount "45"]
[EventDate "2012.??.??"]

1. e4 e5 2. Nc3 Nf6 3. Bc4 Nxe4 4. Bxf7+ Kxf7 5. Nxe4 d5 6. Ng3 Bc5 7. Qh5+ Ke6
8. d3 Qf6 9. Nf3 Kd6 10. Bg5 Qg6 11. Qh4 Nc6 12. O-O h6 13. c3 Rf8 14. d4 Bxd4
15. cxd4 hxg5 16. dxe5+ Ke7 17. Nxg5 Ke8 18. Rad1 Be6 19. Nxe6 Qxe6 20. Nh5 Rf7
21. Nf4 Qe7 22. Qh8+ Qf8 23. Qh5 1-0

[Event "11e Open International de La Fere"]
[Site "La Fere (FRA)"]
[Date "2012.07.13"]
[Round "8.36"]
[White "Dagnicourt, Francis"]
[Black "Torck, Kathleen"]
[Result "1/2-1/2"]
[WhiteElo "1668"]
[BlackElo "1321"]
[PlyCount "60"]
[EventDate "2012.??.??"]

1. d4 d5 2. Nf3 Nf6 3. c4 e6 4. Nc3 c5 5. cxd5 exd5 6. e3 Nc6 7. Bb5 Bd7 8. O-O
Be7 9. Re1 O-O 10. Bxc6 bxc6 11. Ne5 Bd6 12. Nxd7 Qxd7 13. b3 Rfe8 14. Bb2 cxd4
15. exd4 Rxe1+ 16. Qxe1 Re8 17. Qd2 c5 18. dxc5 Bxc5 19. Qg5 h6 20. Qg3 Qe6 21.
h3 Bd6 22. f4 Nh5 23. Qf3 Nxf4 24. Nb5 Ne2+ 25. Kf1 Ng3+ 26. Kf2 Ne4+ 27. Kg1
Ng5 28. Qc3 f6 29. Nxd6 Qxd6 30. Rd1 Rd8 1/2-1/2

[Event "11e Open International de La Fere"]
[Site "La Fere (FRA)"]
[Date "2012.07.13"]
[Round "8.37"]
[White "Caloone, Thomas"]
[Black "Lamotte, Estelle"]
[Result "1-0"]
[WhiteElo "1660"]
[BlackElo "1210"]
[PlyCount "67"]
[EventDate "2012.??.??"]

1. e4 e5 2. d4 Nc6 3. d5 Nd4 4. c3 Nf6 5. cxd4 d6 6. dxe5 dxe5 7. Bb5+ Bd7 8.
Bxd7+ Qxd7 9. Nc3 Bb4 10. Bd2 Bxc3 11. Bxc3 Qd6 12. Nf3 Nd7 13. O-O O-O-O 14.
a3 Rhe8 15. Rc1 Nf6 16. Re1 Kb8 17. Qa4 Qb6 18. Ba5 Qxb2 19. Bxc7+ Ka8 20. Rb1
Qc3 21. Bxd8 Rxd8 22. Qb4 Qxb4 23. Rxb4 Rd7 24. Nxe5 Re7 25. Nf3 a6 26. Reb1
Nxe4 27. Re1 f5 28. Nd2 Rd7 29. Nxe4 fxe4 30. Rd4 Rd6 31. Rexe4 Rb6 32. g3 Rd6
33. Re6 Rxe6 34. dxe6 1-0

[Event "11e Open International de La Fere"]
[Site "La Fere (FRA)"]
[Date "2012.07.13"]
[Round "8.38"]
[White "Rossetti, Pierre-Yves"]
[Black "Nal, Patrick"]
[Result "0-1"]
[WhiteElo "1360"]
[BlackElo "1647"]
[PlyCount "62"]
[EventDate "2012.??.??"]

1. c4 c6 2. Nc3 Nf6 3. Nf3 e6 4. g3 d5 5. cxd5 exd5 6. Bg2 Be7 7. O-O d4 8. Nb1
O-O 9. e3 d3 10. Nc3 Bg4 11. h3 Bh5 12. g4 Bg6 13. Ne5 Qc7 14. Nxg6 hxg6 15.
Qf3 Nbd7 16. Ne4 Nd5 17. Qg3 Qxg3 18. Nxg3 Nb4 19. a3 Nc2 20. Rb1 Rab8 21. Bf3
c5 22. Bd1 b5 23. Bxc2 dxc2 24. Ra1 a5 25. Re1 c4 26. f4 Nc5 27. e4 Rfd8 28.
Re3 Nb3 29. Ra2 Bc5 30. Kf1 Bxe3 31. dxe3 Rd1+ 0-1